| 000 | 00461nam a2200205Ia 4500 | ||
|---|---|---|---|
| 008 | 210210b1924 xxu||||| |||| 00| 0 eng d | ||
| 041 | _aeng | ||
| 082 | _a829/281 | ||
| 100 | _aDICKENS (C) | ||
| 245 | _aTale of two cities: Russell Ed | ||
| 260 |
_aLondon _bMacmillan & Co. Ltd. _c1924 |
||
| 650 | _atwo | ||
| 650 | _aTale | ||
| 650 | _aRussell | ||
| 650 | _aof | ||
| 650 | _aEd | ||
| 650 | _acities: | ||
| 690 | _aEnglish Fiction | ||
| 906 | _a016886 | ||
| 999 |
_c136737 _d136737 |
||